000
002850000a22001090004500
100
1
_a
Milován, Guillermo
245
1
0
_a
La ecología en la Biblia
300
_a
Vol.49, núm.210 (1994), Páginas 12-13
650
1
4
_a
BIBLIA-ECOLOGÍA
773
0
_t
La Biblia en las Américas
942
_c
ANA
999
_c
62915
_d
62915